Welcome to CU Library Online Public Access Catalogue (OPAC)

Understanding nutrition / (Record no. 2459)

MARC details
000 -LEADER
fixed length control field 00671cam a2200217 i 4500
001 - CONTROL NUMBER
control field 1355275
005 - DATE AND TIME OF LATEST TRANSACTION
control field 20241218175326.0
008 - FIXED-LENGTH DATA ELEMENTS--GENERAL INFORMATION
fixed length control field 801027s1981 mnua b 001 0 eng
020 ## - INTERNATIONAL STANDARD BOOK NUMBER
International Standard Book Number 0829904190 :
Terms of availability $18.95
050 00 - LIBRARY OF CONGRESS CALL NUMBER
Classification number QP141
Item number .W46 1981
082 00 - DEWEY DECIMAL CLASSIFICATION NUMBER
Classification number 613.2
Edition information 19
100 1# - MAIN ENTRY--PERSONAL NAME
Personal name Whitney, Eleanor Noss.
245 10 - TITLE STATEMENT
Title Understanding nutrition /
Statement of responsibility, etc. Eleanor Noss Whitney, Eva May Nunnelley Hamilton.
250 ## - EDITION STATEMENT
Edition statement 2nd ed.
260 ## - PUBLICATION, DISTRIBUTION, ETC.
Place of publication, distribution, etc. St. Paul :
Name of publisher, distributor, etc. West Pub. Co.,
Date of publication, distribution, etc. c1981.
300 ## - PHYSICAL DESCRIPTION
Extent xvi, 629, 118, xix-xxxvi p. :
Other physical details ill. ;
Dimensions 26 cm.
650 #0 - SUBJECT ADDED ENTRY--TOPICAL TERM
Topical term or geographic name entry element Nutrition.
650 #0 - SUBJECT ADDED ENTRY--TOPICAL TERM
Topical term or geographic name entry element Metabolism.
700 1# - ADDED ENTRY--PERSONAL NAME
Personal name Hamilton, Eva May Nunnelley,
Relator term joint author.
942 ## - ADDED ENTRY ELEMENTS (KOHA)
Source of classification or shelving scheme Library of Congress Classification
Koha item type Books
Edition 2nd ed.
Suppress in OPAC No
999 ## -
-- 2459
-- 2459
Holdings
Withdrawn status Lost status Source of classification or shelving scheme Damaged status Not for loan Collection Home library Current library Shelving location Date acquired Total checkouts Full call number Barcode Date last seen Copy number Price effective from Koha item type
    Library of Congress Classification     Non-fiction Science Library (Miotso) Science Library (Miotso) General stacks 12/18/2024   QP141 .W46 WHI SLM00001751 12/18/2024 1 12/18/2024 Books
© 2023-2024 Copyright: Central University Libraries. All Rights Reserved | Created by: Mahone Tech Office